LEADER 01171nam0 2200265 i 450 001 VAN0065234 005 20231218081516.678 010 $a88-8086-386-X 100 $a20080730d2001 |0itac50 ba 101 $aita 102 $aIT 105 $a|||| 1|||| 200 1 $aˆLe ‰parole della scienza$escritture tecniche e scientifiche in volgare, secoli 13.-15. : atti del Convegno, Lecce, 16-18 aprile 1999$fa cura di Riccardo Gualdo 210 $aGalatina$cCongedo$d2001 215 $a386 p.$d25 cm 410 1$1001VAN0065235$12001 $aPubblicazioni del Dipartimento di filologia linguistica e letteratura dell'Università di Lecce$1210 $a[S.l.$cs.n.].$v17 620 $dGalatina$3VANL000112 702 1$aGualdo$bRiccardo$3VANV051871 712 $aCongedo $3VANV108311$4650 801 $aIT$bSOL$c20231222$gRICA 899 $aBIBLIOTECA DEL DIPARTIMENTO DI LETTERE E BENI CULTURALI$1IT-CE0103$2VAN07 912 $aVAN0065234 950 $aBIBLIOTECA DEL DIPARTIMENTO DI LETTERE E BENI CULTURALI$d07CONS D Lecce 1994 $e07 18410 20080730 996 $aParole della scienza$9540547 997 $aUNICAMPANIA